00507nam a2200193Ia 4500008004100000020001800041050001400059100001800073245002800091245004900119260001500168260001600183260000900199300001500208300002700223300001000250440004500260500000800305170918s9999 xx 000 0 und d a9780545663533 bS559 1972 aShowers, Paul aSleep is for everyone / cPaul Showers ; illustratede by Wendy Watson. aNew York : bScholastic, c1972 a32 pages : bcolored illustration ; c20cm. aLet's-read-and-find-out science stage 1. a480